Proper use of appraisal tool (Record no. 71513)
[ view plain ]
| 000 -LEADER | |
|---|---|
| fixed length control field | 01576cam a2200241 4500 |
| 001 - CONTROL NUMBER | |
| control field | ABS66093 |
| 008 - FIXED-LENGTH DATA ELEMENTS--GENERAL INFORMATION | |
| fixed length control field | 021104n2002 000 0 eng u |
| 035 ## - SYSTEM CONTROL NUMBER | |
| System control number | (Sirsi) u120357 |
| 100 ## - MAIN ENTRY--PERSONAL NAME | |
| Personal name | Harridge, C |
| 245 ## - TITLE STATEMENT | |
| Title | Proper use of appraisal tool |
| 260 ## - PUBLICATION, DISTRIBUTION, ETC. | |
| Date of publication, distribution, etc. | 2002 |
| 490 ## - SERIES STATEMENT | |
| Series statement | Planning (for the Natural and Built Environment) |
| Volume/sequential designation | (1494) 25 October 2002, 21(1) |
| 520 ## - SUMMARY, ETC. | |
| Summary, etc. | Looks at the advantages and application of sustainability appraisals which are set to form a key part of government's plans to reform the local planning system. In a sustainability appraisal, the performance of a strategy, policy or project is assessed against sustainable development objectives. At present, sustainability appraisals are only formally required for small parts of the planning system such as regional planning guidance, although they have been undertaken for several major development schemes. Outlines the process of carrying out a sustainability appraisal and the advantages which include providing a social, economic and environmental context for planning decisions and policy formation. Also looks at European Directive 2001/42/EC which will require development plans and local development frameworks to face regular environmental assessment. |
| 590 ## - LOCAL NOTE (RLIN) | |
| Local note | ABS |
| 650 ## - SUBJECT ADDED ENTRY--TOPICAL TERM | |
| Topical term or geographic name entry element | SUSTAINABILITY APPRAISALS |
| 650 ## - SUBJECT ADDED ENTRY--TOPICAL TERM | |
| Topical term or geographic name entry element | ENVIRONMENTAL ASSESSMENT |
| 650 ## - SUBJECT ADDED ENTRY--TOPICAL TERM | |
| Topical term or geographic name entry element | PLANNING SYSTEM |
| 650 ## - SUBJECT ADDED ENTRY--TOPICAL TERM | |
| Topical term or geographic name entry element | DEVELOPMENT APPRAISAL |
| 650 ## - SUBJECT ADDED ENTRY--TOPICAL TERM | |
| Topical term or geographic name entry element | LOCAL PLANNING |
| 650 ## - SUBJECT ADDED ENTRY--TOPICAL TERM | |
| Topical term or geographic name entry element | SUSTAINABLE DEVELOPMENT |
| 690 ## - LOCAL SUBJECT ADDED ENTRY--TOPICAL TERM (OCLC, RLIN) | |
| Topical term or geographic name as entry element | ENVIRONMENTAL AND LAND CONSULTANCY-PLANNING AND DEVELOPMENT |
| 942 ## - ADDED ENTRY ELEMENTS (KOHA) | |
| Suppress in OPAC | 0 |
| Withdrawn status | Lost status | Source of classification or shelving scheme | Damaged status | Not for loan | Home library | Current library | Shelving location | Date acquired | Total Checkouts | Full call number | Barcode | Date last seen | Copy number | Price effective from | Koha item type |
|---|---|---|---|---|---|---|---|---|---|---|---|---|---|---|---|
| Dewey Decimal Classification | London | London | Journal article | 04/11/2002 | ABS66093 | 120357-1001 | 06/08/2019 | 1 | 06/08/2019 | Journal article |